Tabla Histórica de La Liga Argentina - Estadísticas

Estadísticas generales
  • Esta prueba ha sido intentada 70 veces
  • La puntuación promedio es 48 de 76
Estadísticas de respuestas
Puntos Equipos % Correcto
5448 Boca Juniors
100%
5654 River Plate
100%
396 Racing (C)
98%
4796 Racing Club
98%
591 Estudiantes (BA)
97%
4398 Estudiantes (LP)
97%
3495 Newell's
97%
142 Gimnasia (Ba)
95%
525 Gimnasia (J)
95%
4316 Gimnasia (LP)
95%
123 Gimnasia (M)
95%
4928 Independiente
95%
3284 Rosario Central
95%
4670 San Lorenzo
95%
3601 Huracán
92%
4705 Vélez
92%
1427 Talleres (C)
88%
311 Talleres (RdE)
88%
305 Belgrano Athletic
84%
1975 Chacarita
84%
441 Def. de Belgrano
84%
2603 Ferro
84%
2514 Banfield
83%
999 Belgrano
83%
1906 Colón
83%
3213 Lanús
81%
400 Argentino (Q)
80%
506 Atl. Tucumán
78%
743 Godoy Cruz
78%
2587 Platense
78%
134 San Martín (M)
78%
321 San Martín (SJ)
78%
332 San Martín (T)
78%
1581 Unión
77%
141 Arg del Sud
73%
1797 Atlanta
70%
630 Instituto
70%
1610 Quilmes
69%
1615 Tigre
69%
865 Arsenal
67%
536 Nueva Chicago
67%
251 Aldosivi
66%
436 Defensa y Justicia
66%
278 Sarmiento (J)
66%
2963 Argentinos
64%
151 Argentinos de Banfield
64%
604 All Boys
63%
188 Central Cba (SdE)
63%
456 Barracas Central
59%
134 Independiente Rivadavia
59%
371 Sp. Barracas
59%
493 Olimpo
58%
214 Patronato
58%
271 Alumni
52%
288 Atl. Rafaela
50%
472 Temperley
48%
566 Dep. Español
44%
541 Almagro
41%
216 Los Andes
39%
264 Dep. Mandiyú (C)
34%
168 Dock Sud
30%
237 Colegiales
25%
111 Chaco For Ever
23%
227 Excursionistas
20%
356 Sp. Buenos Aires
20%
171 Lomas Athletic
17%
281 El Porvenir
16%
527 San Isidro
13%
487 Estudiantil Porteño
11%
149 CA Palermo
9%
308 Sp. Palermo
9%
337 Porteño
8%
151 Liberal Argentino
6%
194 San Fernando
6%
100 Columbian
5%
138 Del Plata
5%
No se encontraron pruebas coincidentes
Distribución de puntuación
Porcentaje de gente con cada puntuación
Porcentaje por número respondido
Historial de tus puntuaciones
No has intentado esta prueba.